00863nam a2200241 i 450000100060000000300090000600500170001500700030003200800410003502000180007608000230009410000340011724501140015126000590026530000200032449000270034470000280037170000260039983000350042585200220046099900170048295201220049966448ES-MaACL20230906165640.0t|030207s2002 sp ||||0| spa d a84-9716-149-1 a821.111(73)-96"18"1 aThoreau, Henry David.911013410aColores de otoño / cHenry David Thoreau ; recopilación de Walter Harding ; traducción de Silvia Komet. aPalma de Mallorca : bJosé J. de Olañeta, c[2002] a76 p ; c21 cm.1 aTorre de viento ; v521 aHarding, Walter.9618161 aKomet, Silvia.9685391 aTorre de viento ; v529180278 aES-MaACLjL-26895 c66448d66448 00104070aATENEOMbATENEOMcDEPO2d2008-01-17eSCl0oL-26895p1069610r2023-02-23 00:00:00w2023-02-23yMONOGRAFIA